=LDR 00000nam 2200000 4500 =001 INLIS000000000001603 =005 20230801023936 =035 ##$$a 0010-0823000051 =007 ta =008 230801################g##########0#ind## =082 ##$$a 612.2661 =084 ##$$a 612.2661 BAD p =100 #$$a Sri Murtiningsih =245 1#$$a Pubertas Seksualitas : $b (Remaja Wanita) /$c Sri Murtiningsih =250 ##$$a - =260 ##$$a Jakarta :$b BKKBN,$c 2015 =300 ##$$a 51 hlm : $b ilus ; $c 21 cm =500 ##$$a berpakah usiah kalian saat ini? pernahkah kalian merasahkan sesuatu berubah pada diri kalian, tentang perasaan kalian, berbentuk fisik kalian,suara kalian, dan hal hal yang tiba-tiba merubah diri kalian, dari dunia anak-anak kepada duniah yang "aneh" =650 #4$$a Pubertas Seksualitas pada remaja wanita =700 #$$a Suminto =700 #$$a Aida Lutfi Huswatun =700 #$$a Hj Eni Prima Kuswanti =700 #$$a Sugiharti Soehardjono =700 #$$a I Made Yudhistira =700 #$$a Farida Ekasari =700 #$$a Budi Santoso =700 #$$a Hermansyah =700 #$$a Weni Kurniawati =990 ##$$a B-2015-00073